00570cam a22002051 4500001001300000003000400013005001700017008004100034010001700075025001900092035002000111040002300131042001200154050002100166100002600187245003000213250001300243260006600256300004200322sa 64002947 DLC20260227112013.0860208m19639999io acf 000 0 ind  asa 64002947  aPL480:Indo-276 a(OCoLC)13127138 aDLCcKyUdKyUdDLC apremarc00aDS644.1.S8bA5630 aSoekarno,d1901-1970.10aDibawah bendera revolusi. aTjet. 2. a[Djakarta]bPanitya Penerbit Dibawah Bendera Revolusi,c1963- a v.billus., plates, ports.c27 cm.